Introduction to the design and analysis of algorithms / (Record no. 619)

MARC details
000 -LEADER
fixed length control field 01047nac a22003011i 4500
003 - CONTROL NUMBER IDENTIFIER
control field EG-ScBUE
005 - DATE AND TIME OF LATEST TRANSACTION
control field 20260503100337.0
008 - FIXED-LENGTH DATA ELEMENTS--GENERAL INFORMATION
fixed length control field 100902r20032002ii a f b 001 0 eng d
020 ## - INTERNATIONAL STANDARD BOOK NUMBER
International Standard Book Number 9780070484009
020 ## - INTERNATIONAL STANDARD BOOK NUMBER
International Standard Book Number 0070486425
040 ## - CATALOGING SOURCE
Original cataloging agency EG-ScBUE
Language of cataloging eng
Description conventions rda
Transcribing agency EG-ScBUE
Modifying agency EG-ScBUE
082 04 - DEWEY DECIMAL CLASSIFICATION NUMBER
Classification number 511.8
Item number GOO
Edition number 22
100 1# - MAIN ENTRY--PERSONAL NAME
Personal name Goodman, Seymour E.,
Relator term author.
9 (RLIN) 17808
245 10 - TITLE STATEMENT
Title Introduction to the design and analysis of algorithms /
Statement of responsibility, etc S. E. Goodman, S. T. Hedetniemi.
250 ## - EDITION STATEMENT
Edition statement Second printing.
264 #1 - PUBLICATION, DISTRIBUTION, ETC. (IMPRINT)
Place of publication, distribution, etc New Delhi :
Name of publisher, distributor, etc McGraw-Hill,
Date of publication, distribution, etc 2003.
300 ## - PHYSICAL DESCRIPTION
Extent xi, 371 pages :
Other physical details illustrations ;
Dimensions 25 cm.
336 ## - CONTENT TYPE
Source rdacontent
Content type term text
Content type code txt
337 ## - MEDIA TYPE
Media type term unmediated
Source rdamedia
Media type code n
338 ## - CARRIER TYPE
Carrier type term volume
Carrier type code nc
Source rdacarrier
490 0# - SERIES STATEMENT
Series statement McGraw-Hill computer science series
504 ## - BIBLIOGRAPHY, ETC. NOTE
Bibliography, etc Includes bibliographical references and index.<br/>
650 #7 - SUBJECT ADDED ENTRY--TOPICAL TERM
Topical term or geographic name as entry element Computer programming.
Source of heading or term BUEsh
9 (RLIN) 17810
650 #7 - SUBJECT ADDED ENTRY--TOPICAL TERM
Topical term or geographic name as entry element Computer algorithms.
Source of heading or term BUEsh
9 (RLIN) 17811
655 ## - INDEX TERM--GENRE/FORM
Form subdivision Reading book
700 1# - ADDED ENTRY--PERSONAL NAME
Personal name Hedetniemi, S. T.,
Relator term author.
9 (RLIN) 17812
942 ## - ADDED ENTRY ELEMENTS (KOHA)
Koha item type Book - Borrowing
Source of classification or shelving scheme Dewey Decimal Classification
Holdings
Withdrawn status Lost status Source of classification or shelving scheme Damaged status Not for loan Collection code Home library Current library Shelving location Date acquired Source of acquisition Cost, normal purchase price Total Checkouts Full call number Barcode Date last seen Cost, replacement price Price effective from Koha item type
    Dewey Decimal Classification       Central Library Central Library First floor 19/07/2006   75.00   511.8 GOO 000003989 15/07/2025 93.75 19/07/2006 Book - Borrowing